Essentials of strategic management : (Record no. 8352)
[ view plain ]
| 000 -LEADER | |
|---|---|
| fixed length control field | 00879cam a2200217 a 4500 |
| 020 ## - INTERNATIONAL STANDARD BOOK NUMBER | |
| ISBN | 9780073530307 (alk. paper) |
| 020 ## - INTERNATIONAL STANDARD BOOK NUMBER | |
| ISBN | 0073530301 (alk. paper) |
| 050 00 - CALL NUMBER | |
| Classification number | HD30.28 |
| Item number | .G14 |
| 100 1# - AUTHOR | |
| Personal name | Gamble, John |
| 245 10 - TITLE | |
| Title | Essentials of strategic management : |
| Remainder of title | the quest for competitive advantage / |
| Statement of responsibility, etc | John E. Gamble, Arthur A. Thomson, Jr. |
| 250 ## - EDITION | |
| Edition statement | 1st ed. |
| 260 ## - PUBLICATION INFORMATION | |
| Place of publication | Boston : |
| Name of publisher | McGraw-Hill Irwin, |
| Year of publication | c2009. |
| 300 ## - DESCRIPTION | |
| Number of Pages | xxvii, 481 p. : |
| Other physical details | col. charts ; |
| Dimensions | 26 cm. |
| 505 ## - FORMATTED CONTENTS NOTE | |
| Table of Content | PART 1. strategy, corporate entrepreneurship, and leadership<br/>PART 2. Factors shaping strategic choices <br/>PART 3. Executing the strategy<br/>PART 4. Beyond competitive strategy<br/>PART 5. Cases in strategic management |
| 650 #0 - SUBJECTS | |
| Topical Term | Strategic planning. |
| 650 #0 - SUBJECTS | |
| Topical Term | Business planning. |
| 650 #0 - SUBJECTS | |
| Topical Term | Competition. |
| 650 #0 - SUBJECTS | |
| Topical Term | Strategic planning |
| 700 1# - OTHER AUTHORS | |
| Personal name | Thompson, Arthur A., |
| 942 ## - ADDED ENTRY ELEMENTS (KOHA) | |
| Koha item type | Books |
| Withdrawn status | Lost status | Home library | Current library | Shelving location | Date acquired | Source of acquisition | Full call number | Accession Number | Koha item type |
|---|---|---|---|---|---|---|---|---|---|
| Methodist University Library Tema | Methodist University Library Tema | General Stacks | 10/09/2024 | Donated by the entire Abbey family | HD30.28 .G14 | 8871 | Books |